Ambedkar : (Record no. 124115)

MARC details
000 -LEADER
fixed length control field 00772nam a22002537a 4500
005 - DATE AND TIME OF LATEST TRANSACTION
control field 20170124105935.0
010 ## - LIBRARY OF CONGRESS CONTROL NUMBER
LC control number A-459742
020 ## - INTERNATIONAL STANDARD BOOK NUMBER
International Standard Book Number 8185330093
Terms of availability 00.00
035 ## - SYSTEM CONTROL NUMBER
System control number A-459742
037 ## - SOURCE OF ACQUISITION
Source of stock number/acquisition Cen Lib/Ret
040 ## - CATALOGING SOURCE
Original cataloging agency DPL
Language of cataloging EN
082 ## - DEWEY DECIMAL CLASSIFICATION NUMBER
Classification number 305.56
Item number BAI
100 ## - MAIN ENTRY--PERSONAL NAME
Personal name Baisantry, D.K.
9 (RLIN) 9390
245 ## - TITLE STATEMENT
Title Ambedkar :
Remainder of title total revolutionary /
Statement of responsibility, etc by D.K. Baisantry
260 ## - PUBLICATION, DISTRIBUTION, ETC. (IMPRINT)
Place of publication, distribution, etc New Delhi
Name of publisher, distributor, etc Segment book distributers
Date of publication, distribution, etc 1991
270 ## - ADDRESS
City New Delhi
300 ## - PHYSICAL DESCRIPTION
Extent 111p.
Dimensions 25cm(Hb)
500 ## - GENERAL NOTE
General note Includes index
650 ## - SUBJECT ADDED ENTRY--TOPICAL TERM
Topical term or geographic name as entry element Social reformer
9 (RLIN) 9391
650 ## - SUBJECT ADDED ENTRY--TOPICAL TERM
Topical term or geographic name as entry element Politicians
9 (RLIN) 9392
650 ## - SUBJECT ADDED ENTRY--TOPICAL TERM
Topical term or geographic name as entry element दवा
9 (RLIN) 9393
650 ## - SUBJECT ADDED ENTRY--TOPICAL TERM
Topical term or geographic name as entry element बच्चों (स्वास्थ्य और स्वच्छता)
9 (RLIN) 9394
942 ## - ADDED ENTRY ELEMENTS (KOHA)
Source of classification or shelving scheme Dewey Decimal Classification
Koha item type English Books
Classification part 305.56
Call number suffix BAI
Holdings
Withdrawn status Lost status Source of classification or shelving scheme Damaged status Not for loan Collection code Home library Current library Date acquired Source of acquisition Cost, normal purchase price Total Checkouts Full call number Barcode Date last seen Copy number Cost, replacement price Price effective from Koha item type Public note
Written off   Dewey Decimal Classification     Non-fiction Central Library Central Library 13/06/2015 Cen Lib/Ret 0.00   305.56 BAI A-459742 13/06/2015 1 0.00 13/06/2015 English Books W/d List No. 6896/14 ; dtd 19/10/2020

© Delhi Public Library
Hit Counter
free hit counter